Quizzes
Events
Quiz Creation
Community
Videos
Private Events
Remove Ads
Sign In
Join for FREE
Feedback
Dark Mode
Quiz Categories
Sports
Geography
Music
Movies
Television
Just For Fun
Miscellaneous
History
Literature
Language
Science
Gaming
Entertainment
Religion
Holiday
For Kids
Quiz Lab
Recent
Popular Today
Quiz Kudos Today
Editor Picks
Curator Picks
Quizzes by...
Day
Popularity
Type
Ratings
Length
Year
Community
Subscriptions
Recent Discussions
Orange Saloon
Badges
Playlists
Quests
Create
Leaderboards
Showdown
Live 5
Trivia Bingo
Activity
Puzzle Library
Sporcle Events
Private Events
Virtual Trivia
Globe League
Become a Host
Pub Owners
SporcleCon
Opinionation
Our Games
Videos
Blog
Mobile Apps
Partnerships
Remove Ads and Go Orange
Feedback
Television
TV Characters
TV Show
Sitcom
Network
Friends
Reality Shows
Cast
South Park
Star Trek
The Simpsons
Doctor Who
Television
TV Characters
TV Show
Sitcom
Network
Friends
Reality Shows
Cast
South Park
Star Trek
The Simpsons
Doctor Who
Random Quiz
Search Sporcle
×
Quiz Lab
Quiz Lab
Television
Actor
Type in answers that appear in a list
Type in answers that appear in a list
Classic
Best Score? Go Orange.
Red Dwarf Characters Stats
Can you name the Characters From Red Dwarf?
By
MovieVGManiac
4m
18 Questions
2,317 Plays
2,317 Plays
2,317 Plays
Comments
Comments
Give Quiz Kudos
Give Quiz Kudos
-
- Ratings
hide this ad
Replay
Link that replays current quiz
Next Quiz
Link to next quiz in quiz playlist
You Got
0%
They Got
Avg Score
69%
Avg Friend Score
Upgrade to see
Score Distribution
Jump to the score distribution portion of the page
Score
0/18
Timer
04:00
0
Plays Today
Actor/Actress
Character
% Correct
Danny John-
Jules
The Cat
99.4%
Craig Charles
Dave Lister
99.2%
Chris Barrie
Arnold Rimmer
99%
Hattie Hayridge
Holly
98%
Norman Lovett
Holly
98%
Robert Llewellyn, David Ross
Kryten 2X4B 523P
94.3%
Chris Barrie
Ace Rimmer
85.8%
Claire Grogan
Kristine Kochanski
80.3%
Chloe Annett
Kristine Kochanski
80.3%
Actor/Actress
Character
% Correct
John Lenahan, David Ross
Talkie Toaster
78.4%
Mac MacDonald
Captain Frank Hollister
73.2%
Mark Williams
Olaf Peterson
68.9%
None -
Animatronic, Danny John-
Jules in RD9
Skutter
52%
David Gillespie
Chen
41.8%
Tony Slattery, Tony Hawks, Mike Agnew
Dispensing Machine
37.9%
Paul Bradley
Selby
34.7%
Danny John-
Jules
Duane Dibbley
30.2%
Sophie Winkleman
Katerina Bartikofsky
8.1%
Quiz Playlist
Details
Report
Send in Message
Add To Playlist
Classic:
Type in answers that appear in a list
Last Updated: Sep 19, 2018
Quiz Scoreboard
CHALLENGE
Sign Up to Join the Scoreboard
Show All
Scores
Hide
Comments
May contain spoilers
Recently Published
1-10 Letter E Words III
by El_Dandy
Language
2m
One Thing in Common: World Cities II
by knightlancer
Geography
7m
Popular People in 1961
by mucciniale
History
6m
More to Explore
Quiz From the Vault
Featured Blog Post
Where Did the Easter Bunny Come From?
hide this ad
You Might Also Like...
Tags
Actor Quiz
Actress Quiz
Character
description
Dwarf
Involved
Red
Red Dwarf
Today's Top Quizzes in Television
Browse Television
hide this ad
Today's Top Quizzes in Actor
Browse Actor
Top Contributed Quizzes in Television
1
One Piece Logic Puzzle
2
Survivor Logic Puzzle: Heroes vs. Villains
3
Survivor Seasons
4
Survivor Season by Logo
5
Ultimate Survivor Logic Puzzle
6
Survivor Logic Puzzle: Winners at War
7
Survivor Trivia
8
Survivor Heroes vs. Villains Logic Puzzle
9
All US Survivor Seasons in Order
10
Emmerdale Characters (from August 2012)
Explore More
Trending Topics
Disney
Anime
Crossword
NBA
Kpop
Harry Potter
Marvel
NFL
Soccer
The Office
Song
Pokémon
WWE
Puzzle
Country
hide this ad
More By:
MovieVGManiac
Quiz
Plays
Rating
Category
Featured
Created
Romero's Dead Series
15,693
4.15
Movies
Oct 2, 2009
Frasier Characters
5,937
4.12
Television
Oct 1, 2009
Tom and Jerry Characters
3,250
3.00
Television
Jan 1, 2010
Ice Age Characters
2,413
5.00
Movies
Nov 3, 2009
Red Dwarf Characters
2,317
3.09
Television
Oct 3, 2009
Go to Creator's Profile
Score Distribution
Quiz Creator Spotlight
MovieVGManiac
Follow
Send a Message
Quizzes Created
-
Created Quiz Play Count
-
More By This Creator
Popular Quizzes Today
1
Find the US States - No Outlines Minefield
2
The Countries of the World
3
Popular People in 1961
4
Find the Countries of Europe - No Outlines Minefield
5
1-10 Letter E Words III
6
Find the US States
7
One Thing in Common: World Cities II
8
US States
More Television Quizzes
Follow That Line: The Mandalorian
Editor's Pick
Trending Quizzes
1-10 Letter F Words
1-10 Letter G Words
Risky Map Clicking: Next State Alphabetically
1-10 Letter F Words II
Risky Map Clicking: States by Unique Starting Letters
Recently Updated
Leaping Animals
pecheneg
Reality TV Shows (A-Z)
bhenderson79
Rickey Henderson's Hall of Fame Teammates
pecheneg
Champions League XIs: Arsenal
pecheneg
Quick Pick: Celebrities in WWE's Hall of Fame
aduchscher
A-Z Keypad Blitz II
pecheneg
Multiple Oscar Actors
pecheneg
Mystery Phrase Blitz: Oscar 'Best Actors'
pecheneg
F. Scott Fitzgerald Novels
LTH
Pick 3 Villains
ddd62291
Trending Topics
Kpop
NBA
Harry Potter
Anime
Disney
Marvel
Crossword
NFL
Puzzle
Soccer
The Office
Song
Pokémon
Country
WWE
Your Account Isn't Verified!
In order to create a playlist on Sporcle, you need to verify the email address you used during registration. Go to your
Sporcle Settings
to finish the process.
Report this User
Report this user for behavior that violates our
Community Guidelines
.
Details:
Send Report
Go to the Sporcle.com Mobile Site →
Comments